|
|
|
|
| LEADER |
01685nam a2200421 i 4500 |
| 001 |
EBC5967829 |
| 003 |
MiAaPQ |
| 005 |
20191114125334.0 |
| 006 |
m o d | |
| 007 |
cr cnu|||||||| |
| 008 |
191114s2020 enk o 000 0 eng d |
| 020 |
|
|
|z 9781789734263
|
| 020 |
|
|
|a 9781789734256 (e-book)
|
| 035 |
|
|
|a (MiAaPQ)EBC5967829
|
| 035 |
|
|
|a (Au-PeEL)EBL5967829
|
| 035 |
|
|
|a (OCoLC)1127182000
|
| 040 |
|
|
|a MiAaPQ
|b eng
|e rda
|e pn
|c MiAaPQ
|d MiAaPQ
|
| 050 |
|
4 |
|a T36
|b .H373 2020
|
| 082 |
0 |
|
|a 602.3
|2 23
|
| 100 |
1 |
|
|a Hardey, Mariann,
|e author.
|
| 245 |
1 |
4 |
|a The culture of women in tech :
|b an unsuitable job for a woman /
|c Mariann Hardey.
|
| 264 |
|
1 |
|a Bingley, UK :
|b Emerald Publishing Limited,
|c [2020]
|
| 264 |
|
4 |
|c 2020
|
| 300 |
|
|
|a 1 online resource (233 pages).
|
| 336 |
|
|
|a text
|b txt
|2 rdacontent
|
| 337 |
|
|
|a computer
|b c
|2 rdamedia
|
| 338 |
|
|
|a online resource
|b cr
|2 rdacarrier
|
| 490 |
1 |
|
|a Emerald Points
|
| 588 |
|
|
|a Description based on print version record.
|
| 590 |
|
|
|a Electronic reproduction. Ann Arbor, MI : ProQuest, 2018. Available via World Wide Web. Access may be limited to ProQuest affiliated libraries.
|
| 650 |
|
0 |
|a Women in technology.
|
| 650 |
|
0 |
|a High technology industries
|x Employees.
|
| 650 |
|
0 |
|a Discrimination in employment.
|
| 655 |
|
4 |
|a Electronic books.
|
| 776 |
0 |
8 |
|i Print version:
|a Hardey, Mariann.
|t Culture of women in tech : an unsuitable job for a woman.
|d Bingley, UK : Emerald Publishing Limited, c2020
|h 233 pages
|k Emerald points.
|z 9781789734263
|
| 797 |
2 |
|
|a ProQuest (Firm)
|
| 830 |
|
0 |
|a Emerald points.
|
| 856 |
4 |
0 |
|u https://ebookcentral.proquest.com/lib/matrademy/detail.action?docID=5967829
|z Click to View
|